Régulation theory: stasis or confirmation of a research programme? /

El artículo busca analizar los conceptos principales de la Teoría de la Regulación, así como los cambios en el tiempo que han presentado desde sus orígenes, al mismo tiempo que plantea la necesidad de responder a los cuestionamientos de dichos conceptos. Esto se presenta en momentos en que la Teoría...

Deskribapen osoa

Gorde:
Xehetasun bibliografikoak
Egile nagusia: Boyer, Robert
Beste egile batzuk: Saillard, Yves
Formatua: Texto
Hizkuntza:Spanish
Gaiak:
Etiketak: Etiketa erantsi
Etiketarik gabe, Izan zaitez lehena erregistro honi etiketa jartzen!

MARC

LEADER 00000 a a2200000 04500
001 43951
003 cru IIS
005 20220623082950.0
008 220623b |||||||| |||| 00| 0 spa d
040 |c CRAI IIS 
100 |a Boyer, Robert  
245 |a Régulation theory:   |b stasis or confirmation of a research programme? /  |c Robert Boyer and Yves Saillard  
520 |a El artículo busca analizar los conceptos principales de la Teoría de la Regulación, así como los cambios en el tiempo que han presentado desde sus orígenes, al mismo tiempo que plantea la necesidad de responder a los cuestionamientos de dichos conceptos. Esto se presenta en momentos en que la Teoría de la Regulación sufre críticas alrededor de su validez, relacionadas a la falta de capacidad analítica real centrándose en descripciones históricas de la economía, falta de resultados innovadores, como la construcción de un cuerpo teórico que sacrifica postulados críticos y visionarios del mundo que en algún momento le caracterizaron. FGO 23/06/2022 
650 0 |2 TESAURO OCDE   |9 1650  |a TEORIA DEL DESARROLLO 
650 0 |2 TESAURO OCDE   |9 4061  |a PENSAMIENTO ECONOMICO  
650 0 |2 TESAURO OCDE   |9 1649  |a TEORIA ECONOMICA 
700 |a Saillard, Yves  
773 |g páginas 45-54  
942 |2 ddc  |c LI 
999 |c 33259  |d 33259